000 00314nam a22001337a 4500
008 170802b xxu||||| |||| 00| 0 eng d
020 _a9780137879465
041 _aeng
080 _a004
100 _a32
101 _aSHKI
245 _aDATA STRUCTURES AND SOFTWARE DEVELOPMENT
_cTREMBLAY, J.P
942 _2udc
_cBK
999 _c22477
_d22477